[Event "EU-chT Seniors 50"]
[Site "Terme Catez"]
[Date "2024.05.07"]
[Round "1.1"]
[White "Cepon, Dusan"]
[Black "Nikcevic, Nebojsa"]
[Result "0-1"]
[WhiteElo "2117"]
[BlackElo "2346"]
[PlyCount "84"]
[EventDate "2024.05.07"]
[EventType "team-swiss"]
[EventRounds "9"]
[EventCountry "SLO"]
[SourceTitle "CBM 220 Extra"]
[Source "ChessBase"]
[SourceDate "2024.07.31"]
[SourceVersion "1"]
[SourceVersionDate "2024.07.31"]
[SourceQuality "1"]
[WhiteTeam "Slovenia Kralj 50"]
[BlackTeam "Montenegro 50"]
[WhiteTeamCountry "SLO"]
[BlackTeamCountry "MNE"]

1. d4 d5 2. Nf3 c5 3. c3 Nf6 4. Bf4 e6 5. e3 Nc6 6. Nbd2 Nh5 7. Bg5 f6 8. Bh4 g6 9. Bd3 Be7 10. 0-0 0-0 11. dxc5 Bxc5 12. Nb3 Be7 13. c4 e5 14. cxd5 Qxd5 15. Qb1 Qf7 16. Rc1 Be6 17. Nc5 Bxc5 18. Rxc5 Rad8 19. b3 Qe7 20. Rc1 Nb4 21. Bc4 Bxc4 22. Rxc4 b5 23. Rc3 Nd5 24. Rc6 Qd7 25. Rc5 Qg4 26. Bg3 a6 27. Qe1 Nb4 28. Qf1 Qe4 29. a4 Nd3 30. Rc7 b4 31. Rd1 Nb2 32. Rdc1 Qd3 33. Ne1 Qxb3 34. Qxa6 Nxa4 35. e4 Nc3 36. f3 Ra8 37. Qd3 Ra2 38. Kf1 Qe6 39. Rc2 Ra1 40. Rb7 Rd1 41. Rd2 Rxd2 42. Qxd2 Qa6+ 0-1

[Event "Otocec Krka Terme op"]
[Site "Otocec"]
[Date "2021.07.10"]
[Round "9"]
[White "Cepon, Dusan"]
[Black "Kozlovic, Jernej"]
[Result "0-1"]
[WhiteElo "2164"]
[BlackElo "1773"]
[PlyCount "106"]
[EventDate "2021.07.03"]
[EventType "swiss"]
[EventRounds "9"]
[EventCountry "SLO"]
[SourceTitle "CBM 203 Extra"]
[Source "ChessBase"]
[SourceDate "2021.09.30"]
[SourceVersion "1"]
[SourceVersionDate "2021.09.30"]
[SourceQuality "1"]

1. d4 d5 2. Nf3 Nf6 3. c4 c6 4. Nc3 Bf5 5. Bf4 e6 6. c5 Nbd7 7. e3 Be7 8. Bd3 Bxd3 9. Qxd3 a5 10. 0-0 b6 11. cxb6 Qxb6 12. Na4 Qb5 13. Qc2 0-0 14. Ne5 Nxe5 15. Bxe5 Nd7 16. Rac1 Nxe5 17. dxe5 c5 18. f4 Rac8 19. f5 exf5 20. Nc3 Qd7 21. Rxf5 Qe6 22. e4 d4 23. Nd5 g6 24. Nf4 Qd7 25. Rf6 Qc7 26. Nd5 Qxe5 27. Rf3 c4 28. Re1 Bb4 29. Ref1 d3 30. Qa4 Kg7 31. Nf6 Rcd8 32. Rh3 h6 33. a3 Be7 34. Nd5 Bc5+ 35. Kh1 Qxe4 36. Nf6 Qd4 37. Rhf3 Be7 38. Rf4 Qd6 39. Ne4 Qe6 40. Qxa5 Bd6 41. Nxd6 Rxd6 42. Qc3+ Kg8 43. Rf6 Qe2 44. R6f2 Qe4 45. Rf4 Qe6 46. Rf6 Qd5 47. Rxd6 Qxd6 48. Qxc4 d2 49. Qb3 Qd7 50. h3 Rc8 51. Rd1 Rc1 52. Kg1 Qe6 53. Qa4 Rxd1+ 0-1

[Event "Otocec Krka Terme op"]
[Site "Otocec"]
[Date "2021.07.06"]
[Round "5"]
[White "Brinovec, Dusan"]
[Black "Cepon, Dusan"]
[Result "1-0"]
[WhiteElo "2206"]
[BlackElo "2164"]
[PlyCount "57"]
[EventDate "2021.07.03"]
[EventType "swiss"]
[EventRounds "9"]
[EventCountry "SLO"]
[SourceTitle "CBM 203 Extra"]
[Source "ChessBase"]
[SourceDate "2021.09.30"]
[SourceVersion "1"]
[SourceVersionDate "2021.09.30"]
[SourceQuality "1"]

1. d4 Nf6 2. Nf3 e6 3. e3 Be7 4. Bd3 d5 5. b3 0-0 6. Nbd2 b6 7. c4 Bb7 8. Qc2 h6 9. 0-0 c5 10. Bb2 Nc6 11. a3 cxd4 12. exd4 dxc4 13. bxc4 Rc8 14. Rac1 Qc7 15. Rfe1 Qd8 16. Qd1 Re8 17. Bb1 Bf8 18. Qe2 Na5 19. Ne5 Nc6 20. Ndf3 Nxe5 21. Nxe5 Qd6 22. Qd3 g6 23. Nxf7 Kxf7 24. Qxg6+ Ke7 25. d5 Kd7 26. Qxf6 exd5 27. Bf5+ Kc7 28. cxd5+ Kb8 29. Rxc8+ 1-0

[Event "Nova Gorica op-A 16th"]
[Site "Nova Gorica"]
[Date "2011.01.31"]
[Round "6"]
[White "Dvirnyy, Danyyil"]
[Black "Cepon, Dusan"]
[Result "1-0"]
[WhiteElo "2480"]
[BlackElo "2202"]
[PlyCount "97"]
[EventDate "2011.01.28"]
[EventType "swiss"]
[EventRounds "9"]
[EventCountry "SLO"]
[SourceTitle "CBM 140 Extra"]
[Source "ChessBase"]
[SourceDate "2011.03.01"]
[SourceVersion "1"]
[SourceVersionDate "2011.03.01"]
[SourceQuality "1"]

1. e4 e5 2. Nf3 d6 3. d4 Nf6 4. Nc3 Nbd7 5. g3 Be7 6. Bg2 0-0 7. 0-0 c6 8. a4 b6 9. h3 a6 10. Nh4 g6 11. Bh6 Re8 12. Qd2 Nh5 13. Nf3 Bf6 14. d5 c5 15. Nd1 Rb8 16. b3 c4 17. b4 a5 18. c3 b5 19. axb5 Rxb5 20. Ne3 Qc7 21. Rfc1 Bd8 22. Bf1 Nb6 23. bxa5 Nd7 24. Nxc4 Rc5 25. Nb6 Ndf6 26. Qe1 Nxg3 27. fxg3 Rxa5 28. Nxc8 Rxa1 29. Rxa1 Qxc8 30. Kh2 Bb6 31. Bb5 Re7 32. Bc6 Ra7 33. Rxa7 Bxa7 34. Bg5 Nh5 35. Be3 Bxe3 36. Qxe3 Qa6 37. Nd2 Nf6 38. Kg2 h5 39. c4 Qa2 40. Qf2 Kg7 41. c5 dxc5 42. d6 c4 43. Nf3 Qa3 44. d7 Qa5 45. Nxe5 c3 46. Nd3 h4 47. Qd4 Qg5 48. d8Q Qxg3+ 49. Kf1 1-0

[Event "Ljubljana-chT 64th Superliga"]
[Site "Ljubljana"]
[Date "2011.01.13"]
[Round "1.1"]
[White "Cepon, Dusan"]
[Black "Majcen, Zoran"]
[Result "1-0"]
[WhiteElo "2202"]
[BlackElo "1762"]
[PlyCount "59"]
[EventDate "2011.01.13"]
[EventType "team-tourn"]
[EventRounds "9"]
[EventCountry "SLO"]
[SourceTitle "EXT 2022"]
[Source "ChessBase"]
[SourceDate "2021.10.06"]
[SourceVersion "1"]
[SourceVersionDate "2021.10.06"]
[SourceQuality "1"]
[WhiteTeam "Podpec MKK"]
[BlackTeam "Bor Dob"]
[WhiteTeamCountry "SLO"]
[BlackTeamCountry "SLO"]

1. e4 e6 2. d3 d5 3. Nd2 dxe4 4. dxe4 Bc5 5. Ngf3 Ne7 6. Be2 a6 7. 0-0 b5 8. c3 Bb7 9. a4 c6 10. Qc2 Qc7 11. e5 Nd7 12. Ne4 Ng6 13. Rd1 0-0 14. Rxd7 Bxf2+ 15. Kxf2 Qxd7 16. Be3 Qc7 17. Bc5 Rfd8 18. Nd6 Rab8 19. a5 Qe7 20. b4 Bc8 21. Nxb5 Qb7 22. Nd6 Qa8 23. Qe4 h6 24. Bd3 Nf8 25. Nd4 Bd7 26. Rf1 Be8 27. Kg1 h5 28. Nxe6 fxe6 29. Rxf8+ Kxf8 30. Nc8+ 1-0

[Event "SLO-chT2 West"]
[Site "Slovenia"]
[Date "2010.11.06"]
[Round "2.2"]
[White "Cepon, Dusan"]
[Black "Varini, Massimo"]
[Result "1-0"]
[WhiteElo "2211"]
[BlackElo "2070"]
[PlyCount "118"]
[EventDate "2010.11.05"]
[EventType "team-tourn"]
[EventRounds "9"]
[EventCountry "SLO"]
[SourceTitle "EXT 2022"]
[Source "ChessBase"]
[SourceDate "2021.10.06"]
[SourceVersion "1"]
[SourceVersionDate "2021.10.06"]
[SourceQuality "1"]

1. d4 d5 2. Nf3 Nf6 3. c4 e6 4. Nc3 Be7 5. Bf4 0-0 6. e3 c5 7. dxc5 dxc4 8. Bxc4 Qa5 9. 0-0 Qxc5 10. Be2 Nc6 11. Qb3 e5 12. Bg3 Be6 13. Qa4 a6 14. Ng5 Bf5 15. Nge4 Nxe4 16. Nxe4 Qb4 17. Qxb4 Bxb4 18. Nc3 Bxc3 19. bxc3 Rfd8 20. Rfd1 Bc2 21. Rdc1 Rd2 22. Bf1 Rad8 23. f4 Ba4 24. fxe5 Rb2 25. Rab1 Rdd2 26. e6 fxe6 27. Rxb2 Rxb2 28. Bc4 Kf7 29. Bd6 Bb5 30. Bb3 Rd2 31. Bc7 Ne7 32. e4 Bd3 33. Re1 Nc6 34. Re3 b5 35. Rf3+ Ke7 36. Bf4 Rxg2+ 37. Kxg2 Bxe4 38. Kf2 Bxf3 39. Kxf3 Kf6 40. Bc2 g5 41. Bc7 h5 42. Be4 Ne5+ 43. Ke2 Nd7 44. Bd8+ Ke5 45. Bc6 Nf6 46. Bc7+ Kf5 47. Bb7 Nd5 48. Ba5 Kg4 49. Kf2 Kh3 50. Kg1 g4 51. Bxa6 h4 52. Bb4 g3 53. Kh1 Kg4 54. h3+ Kf4 55. c4 Ne7 56. Bd2+ Kf3 57. c5 e5 58. Bg5 Nf5 59. c6 e4 1-0

[Event "SLO-chT Central Superliga 11th"]
[Site "Slovenia"]
[Date "2010.10.21"]
[Round "6.3"]
[White "Cepon, Dusan"]
[Black "Lucovnik, Tilen"]
[Result "1/2-1/2"]
[WhiteElo "2237"]
[BlackElo "1756"]
[PlyCount "174"]
[EventDate "2010.09.09"]
[EventType "team-tourn"]
[EventRounds "9"]
[EventCountry "SLO"]
[SourceTitle "EXT 2022"]
[Source "ChessBase"]
[SourceDate "2021.10.06"]
[SourceVersion "1"]
[SourceVersionDate "2021.10.06"]
[SourceQuality "1"]
[WhiteTeam "Podpec Isoglas"]
[BlackTeam "Komenda Pogi"]
[WhiteTeamCountry "SLO"]
[BlackTeamCountry "SLO"]

1. d4 e6 2. Nf3 Nf6 3. c4 b6 4. g3 Bb7 5. Bg2 Bb4+ 6. Nbd2 0-0 7. 0-0 Bxd2 8. Bxd2 d6 9. Re1 Nbd7 10. Qc2 Qc8 11. e4 e5 12. d5 a5 13. Bg5 h6 14. Be3 Qd8 15. Nh4 Nh7 16. Rad1 Re8 17. Qc1 Ndf8 18. Nf5 Qf6 19. Rd3 Bc8 20. Bh3 Ng5 21. Bxg5 Qxg5 22. Qxg5 hxg5 23. Kg2 Bxf5 24. Bxf5 g6 25. Bg4 Nh7 26. Bd7 Red8 27. Bc6 Rab8 28. b4 axb4 29. Rb3 Nf6 30. Rxb4 Nd7 31. Bxd7 Rxd7 32. Ra4 Rdd8 33. Ra7 Rdc8 34. Re3 Ra8 35. Rea3 Rxa7 36. Rxa7 Kf8 37. Kf3 Ke7 38. Kg4 f6 39. h4 gxh4 40. gxh4 Kd7 41. a4 Rh8 42. f3 Rg8 43. a5 bxa5 44. Rxa5 Rb8 45. c5 dxc5 46. Rxc5 Rb6 47. Ra5 Rb4 48. h5 gxh5+ 49. Kxh5 Rb6 50. Kg4 c6 51. Kf5 cxd5 52. Rxd5+ Ke7 53. Ra5 Rc6 54. Ra7+ Kf8 55. Kg6 Ke8 56. Rh7 Ra6 57. Rb7 Rc6 58. Kg7 Rc3 59. Kxf6 Rxf3+ 60. Ke6 Kd8 61. Rd7+ Ke8 62. Rh7 Kf8 63. Rh8+ Kg7 64. Rh5 Kf8 65. Rxe5 Ra3 66. Rd5 Ke8 67. Rd6 Ra4 68. e5 Rh4 69. Rd2 Rh6+ 70. Kd5 Ke7 71. Rb2 Ra6 72. Rb7+ Ke8 73. Ke4 Kd8 74. Kf5 Ke8 75. Rh7 Rb6 76. Rg7 Ra6 77. Rg6 Rxg6 78. Kxg6 Ke7 79. Kg5 Ke6 80. Kf4 Ke7 81. Kf3 Ke6 82. Ke4 Ke7 83. Kd5 Kd7 84. e6+ Ke8 85. Ke4 Ke7 86. Kf5 Ke8 87. Kf6 Kf8 1/2-1/2

[Event "SLO-chT Central Superliga 11th"]
[Site "Slovenia"]
[Date "2010.10.07"]
[Round "4.2"]
[White "Bohorc, Edo"]
[Black "Cepon, Dusan"]
[Result "1-0"]
[WhiteElo "1834"]
[BlackElo "2237"]
[PlyCount "75"]
[EventDate "2010.09.09"]
[EventType "team-tourn"]
[EventRounds "9"]
[EventCountry "SLO"]
[SourceTitle "EXT 2022"]
[Source "ChessBase"]
[SourceDate "2021.10.06"]
[SourceVersion "1"]
[SourceVersionDate "2021.10.06"]
[SourceQuality "1"]
[WhiteTeam "Bor Dob"]
[BlackTeam "Podpec Isoglas"]
[WhiteTeamCountry "SLO"]
[BlackTeamCountry "SLO"]

1. e4 e5 2. Nf3 d6 3. d4 Nf6 4. Nc3 Nbd7 5. dxe5 dxe5 6. Bc4 Bb4 7. 0-0 0-0 8. Nd5 Nxd5 9. Bxd5 c6 10. Bc4 Be7 11. Be3 Qc7 12. c3 b5 13. Be2 Nc5 14. Nd2 Be6 15. b3 Rad8 16. Qc2 f5 17. f3 f4 18. Bf2 Bc8 19. Rfd1 Ne6 20. a4 Bc5 21. Bxc5 Nxc5 22. axb5 Qb6 23. Nc4 Qc7 24. b4 Ne6 25. bxc6 Qxc6 26. Rxd8 Rxd8 27. Qa4 Qc7 28. Qxa7 Bb7 29. Qb6 Qe7 30. Ra7 Rb8 31. Qd6 Qe8 32. Qxe5 Bc6 33. Nd6 Qg6 34. Bc4 Bd7 35. Rxd7 Ra8 36. Qxe6+ Kh8 37. Nf7+ Kg8 38. Rd8+ 1-0

[Event "SLO-chT Central Superliga 11th"]
[Site "Slovenia"]
[Date "2010.09.16"]
[Round "2.3"]
[White "Cepon, Dusan"]
[Black "Orel Music, Simona"]
[Result "1-0"]
[WhiteElo "2237"]
[BlackElo "2002"]
[PlyCount "101"]
[EventDate "2010.09.09"]
[EventType "team-tourn"]
[EventRounds "9"]
[EventCountry "SLO"]
[SourceTitle "EXT 2022"]
[Source "ChessBase"]
[SourceDate "2021.10.06"]
[SourceVersion "1"]
[SourceVersionDate "2021.10.06"]
[SourceQuality "1"]
[WhiteTeam "Podpec Isoglas"]
[BlackTeam "IBM"]
[WhiteTeamCountry "SLO"]
[BlackTeamCountry "SLO"]

1. Nf3 d5 2. c4 c6 3. d4 Nf6 4. Nc3 dxc4 5. e4 Bg4 6. Bxc4 e6 7. 0-0 Be7 8. Be3 Nbd7 9. Be2 0-0 10. Ne5 Nxe5 11. dxe5 Bxe2 12. Qxe2 Nd7 13. Rad1 Qc7 14. f4 Bc5 15. Kh1 Bxe3 16. Qxe3 Qb6 17. Qe2 Rad8 18. Rd6 Nc5 19. h3 Qa6 20. Qxa6 Nxa6 21. Rfd1 Rxd6 22. Rxd6 g6 23. a3 Rc8 24. Kg1 h5 25. Kf2 Kf8 26. Ke3 Ke7 27. b4 Rc7 28. f5 Rd7 29. fxg6 fxg6 30. Rxd7+ Kxd7 31. Kf4 Ke7 32. Kg5 Kf7 33. Ne2 Nb8 34. Nf4 Nd7 35. Nxg6 c5 36. bxc5 Nxc5 37. Nf4 Nxe4+ 38. Kxh5 b5 39. g4 a5 40. g5 Nc5 41. Kh6 Kg8 42. g6 b4 43. axb4 axb4 44. Nh5 Nd7 45. Nf6+ Nxf6 46. exf6 b3 47. f7+ Kf8 48. Kh7 b2 49. g7+ Kxf7 50. g8Q+ Ke7 51. Qg7+ 1-0

[Event "Ljubljana-chT 63rd Superliga"]
[Site "Ljubljana"]
[Date "2010.03.11"]
[Round "8.3"]
[White "Cepon, Dusan"]
[Black "Debevec, Blaz"]
[Result "1-0"]
[WhiteElo "2231"]
[BlackElo "2029"]
[PlyCount "33"]
[EventDate "2010.01.07"]
[EventType "team-tourn"]
[EventRounds "9"]
[EventCountry "SLO"]
[SourceTitle "EXT 2022"]
[Source "ChessBase"]
[SourceDate "2021.10.06"]
[SourceVersion "1"]
[SourceVersionDate "2021.10.06"]
[SourceQuality "1"]
[WhiteTeam "Podpec MKK"]
[BlackTeam "Komenda Popotnik"]
[WhiteTeamCountry "SLO"]
[BlackTeamCountry "SLO"]

1. d4 Nf6 2. c4 g6 3. Nc3 d5 4. Nf3 Bg7 5. cxd5 Nxd5 6. Qb3 Nxc3 7. bxc3 0-0 8. e3 c5 9. Be2 Nc6 10. 0-0 cxd4 11. cxd4 e5 12. Ba3 exd4 13. Bxf8 Qxf8 14. exd4 Nxd4 15. Nxd4 Bxd4 16. Rac1 b6 17. Qd5 1-0

[Event "Ljubljana-chT 63rd Superliga"]
[Site "Ljubljana"]
[Date "2010.01.29"]
[Round "4.3"]
[White "Skok, Joze"]
[Black "Cepon, Dusan"]
[Result "1/2-1/2"]
[WhiteElo "2018"]
[BlackElo "2231"]
[PlyCount "108"]
[EventDate "2010.01.07"]
[EventType "team-tourn"]
[EventRounds "9"]
[EventCountry "SLO"]
[SourceTitle "EXT 2022"]
[Source "ChessBase"]
[SourceDate "2021.10.06"]
[SourceVersion "1"]
[SourceVersionDate "2021.10.06"]
[SourceQuality "1"]
[WhiteTeam "Domzale SD"]
[BlackTeam "Podpec MKK"]
[WhiteTeamCountry "SLO"]
[BlackTeamCountry "SLO"]

1. e4 e5 2. Nf3 d6 3. d4 Nf6 4. Nc3 Nbd7 5. Bc4 Be7 6. 0-0 0-0 7. h3 c6 8. a4 b6 9. Bg5 a6 10. Re1 Rb8 11. Qd2 b5 12. axb5 axb5 13. Bb3 b4 14. Na4 c5 15. dxc5 dxc5 16. Bc4 Bb7 17. Qd3 Qc7 18. b3 Rbd8 19. Bd5 h6 20. Bh4 Nxd5 21. exd5 Bxh4 22. Nxh4 Nf6 23. Qg3 Rxd5 24. Nf5 g6 25. Nxh6+ Kh8 26. Qh4 Nh7 27. Ng4 f6 28. Rad1 Rd4 29. Qh6 g5 30. f3 Bc8 31. Ne3 Qf7 32. Rxd4 cxd4 33. Nc4 Rd8 34. Nc5 Bf5 35. Nd3 Bxd3 36. cxd3 Ra8 37. Re2 Kg8 38. Nd6 Qf8 39. Qg6+ Qg7 40. Qe4 Rd8 41. Qd5+ Kf8 42. Rc2 Qd7 43. Rc6 Kg7 44. Qc4 Kg6 45. Rc7 Qxd6 46. Qf7+ Kf5 47. Qxh7+ Ke6 48. Qf7+ Kf5 49. Qh7+ Ke6 50. g4 Qf8 51. Rc6+ Rd6 52. Qf5+ Kd5 53. Qe4+ Ke6 54. Qf5+ Kd5 1/2-1/2

[Event "SLO-chT1a West"]
[Site "Ljubljana"]
[Date "2009.10.11"]
[Round "4.5"]
[White "Cepon, Dusan"]
[Black "Rozman, Mitja"]
[Result "1-0"]
[WhiteElo "2253"]
[BlackElo "1878"]
[PlyCount "97"]
[EventDate "2009.10.09"]
[EventType "team-tourn"]
[EventRounds "9"]
[EventCountry "SLO"]
[SourceTitle "EXT 2012"]
[Source "ChessBase"]
[SourceDate "2011.11.24"]
[SourceVersion "1"]
[SourceVersionDate "2011.11.24"]
[SourceQuality "1"]
[WhiteTeam "Podpec"]
[BlackTeam "Kranj Tomo Zupan"]
[WhiteTeamCountry "SLO"]
[BlackTeamCountry "SLO"]

1. d4 Nf6 2. c4 g6 3. Nc3 Bg7 4. e4 d6 5. f3 0-0 6. Be3 e5 7. Nge2 Nbd7 8. Qd2 Nb6 9. b3 Be6 10. d5 Bd7 11. g4 Ne8 12. h4 f5 13. gxf5 gxf5 14. Bg5 Qc8 15. h5 f4 16. Ng1 Kh8 17. Nh3 Bf6 18. 0-0-0 Rg8 19. Bxf6+ Nxf6 20. Ne2 a5 21. Qc3 Qf8 22. c5 Nc8 23. Nhxf4 exf4 24. Nxf4 Qh6 25. Qd2 Ne7 26. Bd3 Qg7 27. Kb1 a4 28. b4 a3 29. Rhg1 Qxg1 30. Rxg1 Rxg1+ 31. Kc2 Ba4+ 32. Kc3 dxc5 33. bxc5 Ra5 34. Kd4 b6 35. cxb6 cxb6 36. Qb4 Nfxd5 37. exd5 Rxd5+ 38. Ke3 Rgg5 39. Qxa4 Rge5+ 40. Kf2 Ra5 41. Qd4 Kg7 42. Qxb6 Nc8 43. h6+ Kf7 44. Qb3+ Kf6 45. Qg8 Ra7 46. Qxc8 Rae7 47. Qg8 Ra7 48. Qh8+ Kg5 49. Qxe5+ 1-0

[Event "SLO Cup"]
[Site "Otocec"]
[Date "2009.05.24"]
[Round "4"]
[White "Cepon, Dusan"]
[Black "Gerencer, Jozef"]
[Result "1-0"]
[WhiteElo "2232"]
[BlackElo "2124"]
[PlyCount "80"]
[EventDate "2009.05.22"]
[EventType "tourn"]
[EventRounds "5"]
[EventCountry "SLO"]
[SourceTitle "CBM 130 Extra"]
[Source "ChessBase"]
[SourceDate "2009.07.02"]
[SourceVersion "2"]
[SourceVersionDate "2009.07.15"]
[SourceQuality "1"]

1. d4 Nf6 2. c4 e6 3. Nf3 d5 4. Nc3 c6 5. Bf4 Be7 6. c5 0-0 7. e3 Nh5 8. Be5 f5 9. Bxb8 Rxb8 10. Ne5 Nf6 11. Bd3 Qc7 12. f4 Bd7 13. 0-0 Be8 14. b4 Nd7 15. Nxd7 Qxd7 16. b5 cxb5 17. Bxb5 Qd8 18. Bxe8 Qxe8 19. Rb1 Qc6 20. Qa4 Qxa4 21. Nxa4 Rfc8 22. Rb3 Kf7 23. Rfb1 Rc7 24. Nc3 g5 25. Nb5 Rc6 26. Nxa7 Ra6 27. Rxb7 Re8 28. Nb5 Rxa2 29. c6 Rc2 30. Na7 gxf4 31. exf4 Kf6 32. Rd7 Ba3 33. Rbb7 Bb2 34. Rf7+ Kg6 35. Rg7+ Kh6 36. Rxh7+ Kg6 37. Rhg7+ Kh6 38. Rh7+ Kg6 39. h4 Bxd4+ 40. Kh2 Ra2 1-0

[Event "Ljubljana-chT"]
[Site "Gostovanja"]
[Date "2009.01.22"]
[Round "3.3"]
[White "Cepon, Dusan"]
[Black "Sivic, Klemen"]
[Result "1-0"]
[WhiteElo "2232"]
[BlackElo "2042"]
[PlyCount "109"]
[EventDate "2009.01.08"]
[EventType "team-tourn"]
[EventRounds "9"]
[EventCountry "SLO"]
[SourceTitle "EXT 2011"]
[Source "ChessBase"]
[SourceDate "2010.11.26"]
[SourceVersion "1"]
[SourceVersionDate "2010.11.26"]
[SourceQuality "1"]

1. d4 d5 2. Nf3 Nf6 3. c4 c6 4. Nc3 e6 5. e3 Nbd7 6. Be2 dxc4 7. Bxc4 b5 8. Bd3 a6 9. 0-0 Bb7 10. a4 b4 11. Ne4 Nxe4 12. Bxe4 Nf6 13. Bd3 c5 14. Qe2 cxd4 15. e4 Bc5 16. Bg5 h6 17. Bh4 Qb6 18. a5 Qc7 19. Rfc1 g5 20. Bg3 Qe7 21. Be5 g4 22. Nd2 Bd6 23. Bxd6 Qxd6 24. Nc4 Qe7 25. Nb6 Rd8 26. Rc4 Kf8 27. Rac1 Ne8 28. Qxg4 f5 29. Qf4 Qf6 30. e5 Qg7 31. g3 h5 32. Qh4 Qg4 33. Qxg4 hxg4 34. Rxb4 Be4 35. Bxe4 fxe4 36. Rd1 d3 37. Rxe4 Rh5 38. Rd2 Nc7 39. Re3 Nd5 40. Rexd3 Ke7 41. Nxd5+ exd5 42. e6 Rdh8 43. h4 gxh3 44. Kh2 Rb8 45. b3 Rb5 46. f4 Rxa5 47. Re2 Ra1 48. g4 Rh4 49. Rg3 d4 50. f5 Rf1 51. Rxh3 Rxg4 52. Rh7+ Ke8 53. e7 Rg8 54. Rc2 Kd7 55. e8Q+ 1-0

[Event "Ljubljana-chT"]
[Site "Gostovanja"]
[Date "2009.01.08"]
[Round "1.3"]
[White "Cepon, Dusan"]
[Black "Rijavec, Stane"]
[Result "0-1"]
[WhiteElo "2232"]
[BlackElo "2048"]
[PlyCount "80"]
[EventDate "2009.01.08"]
[EventType "team-tourn"]
[EventRounds "9"]
[EventCountry "SLO"]
[SourceTitle "EXT 2011"]
[Source "ChessBase"]
[SourceDate "2010.11.26"]
[SourceVersion "1"]
[SourceVersionDate "2010.11.26"]
[SourceQuality "1"]

1. d4 d5 2. Nf3 Nf6 3. Bf4 e6 4. e3 Bd6 5. Bxd6 Qxd6 6. c3 0-0 7. Nbd2 Nbd7 8. Bd3 b6 9. Qe2 Bb7 10. 0-0-0 c5 11. Kb1 c4 12. Bc2 b5 13. e4 dxe4 14. Nxe4 Nxe4 15. Bxe4 Bxe4+ 16. Qxe4 b4 17. Qe2 Rab8 18. Nd2 Rfc8 19. Ne4 Qc6 20. cxb4 Rxb4 21. Ka1 Rcb8 22. Rb1 Nb6 23. a3 Rb3 24. Rhc1 Na4 25. Ng5 g6 26. Qxc4 Qxc4 27. Rxc4 Nxb2 28. Ka2 Rxa3+ 29. Kxa3 Nxc4+ 30. Ka2 Rxb1 31. Kxb1 Nd2+ 32. Kc2 h6 33. Nxf7 Kxf7 34. Kxd2 Ke7 35. Kd3 Kd6 36. Kc4 e5 37. d5 a6 38. f3 g5 39. h3 h5 40. h4 gxh4 0-1

[Event "Bled op-A 25th"]
[Site "Bled"]
[Date "2008.02.24"]
[Round "2"]
[White "Padjen, Zdenko"]
[Black "Cepon, Dusan"]
[Result "0-1"]
[WhiteElo "2123"]
[BlackElo "2220"]
[PlyCount "86"]
[EventDate "2008.02.23"]
[EventType "swiss"]
[EventRounds "9"]
[EventCountry "SLO"]
[SourceTitle "CBM 122 Extra"]
[Source "ChessBase"]
[SourceDate "2008.03.04"]
[SourceVersion "1"]
[SourceVersionDate "2008.03.04"]
[SourceQuality "1"]

1. e4 e5 2. Nf3 d6 3. d4 Nf6 4. dxe5 Nxe4 5. Nbd2 Nc5 6. Nb3 Ne6 7. Be3 Nd7 8. exd6 Bxd6 9. Qd2 0-0 10. Be2 Qf6 11. 0-0-0 a5 12. a3 Ndc5 13. Nxc5 Nxc5 14. Qd4 Qe7 15. Bc4 Be6 16. Rhe1 h6 17. Bf4 Rfd8 18. Bxd6 Rxd6 19. Qe3 Rxd1+ 20. Rxd1 Re8 21. Bxe6 Nxe6 22. Rd5 b6 23. Qd2 Qf6 24. Qe3 Rd8 25. Rxd8+ Qxd8 26. Qe5 Qd7 27. Qe4 Qb5 28. Nd2 Qc5 29. Qa8+ Kh7 30. Qe4+ g6 31. Qf3 Kg8 32. Ne4 Qe5 33. Nf6+ Kg7 34. Ng4 Qd4 35. h3 h5 36. Ne3 Qe5 37. g3 Ng5 38. Qd5 Qxd5 39. Nxd5 Nxh3 40. f4 Nf2 41. Nxc7 Ne4 42. c4 Nxg3 43. Nd5 h4 0-1

[Event "Bled op-A 25th"]
[Site "Bled"]
[Date "2008.02.24"]
[Round "3"]
[White "Soln, Primoz"]
[Black "Cepon, Dusan"]
[Result "1-0"]
[WhiteElo "2384"]
[BlackElo "2220"]
[PlyCount "133"]
[EventDate "2008.02.23"]
[EventType "swiss"]
[EventRounds "9"]
[EventCountry "SLO"]
[SourceTitle "CBM 122 Extra"]
[Source "ChessBase"]
[SourceDate "2008.03.04"]
[SourceVersion "1"]
[SourceVersionDate "2008.03.04"]
[SourceQuality "1"]

1. d4 Nf6 2. c4 b6 3. Nc3 Bb7 4. Qc2 d5 5. cxd5 Nxd5 6. e4 Nxc3 7. bxc3 e6 8. Nf3 Be7 9. Bb5+ c6 10. Be2 0-0 11. 0-0 Nd7 12. Rd1 Qc7 13. a4 Rad8 14. a5 c5 15. Qb1 bxa5 16. Bd3 cxd4 17. cxd4 Rb8 18. Qa2 Bb4 19. Bd2 Nf6 20. Re1 h6 21. g3 Bc6 22. Bxb4 axb4 23. Qxa7 Rb7 24. Qc5 Nd7 25. Qe7 Qb8 26. Qh4 b3 27. Rab1 b2 28. d5 exd5 29. Nd4 Ne5 30. Nxc6 Nf3+ 31. Kf1 Qe8 32. exd5 Qa8 33. Qf4 Nxe1 34. Rxe1 Re8 35. Rd1 Qa2 36. Bb1 Qb3 37. Rd3 Qb5 38. Qd2 Qc4 39. Qc2 Qxc2 40. Bxc2 b1Q+ 41. Bxb1 Rxb1+ 42. Kg2 Rb7 43. h4 Rd7 44. Kf3 Kf8 45. Kf4 Rd6 46. g4 Re1 47. g5 Rh1 48. Ke5 Rd7 49. Rd4 Re1+ 50. Kf5 g6+ 51. Kf4 hxg5+ 52. hxg5 Rd6 53. Ne5 Rh1 54. Ng4 Re1 55. Nf6 Ke7 56. Ne4 Rd8 57. d6+ Kd7 58. f3 Rc8 59. Nf6+ Ke6 60. Ne4 Kd7 61. Ke5 Rc5+ 62. Kf6 Rf5+ 63. Kg7 Ra1 64. Nf6+ Kd8 65. Re4 Rxf6 66. gxf6 Kd7 67. Kxf7 1-0

[Event "SLO-chT West"]
[Site "Bled"]
[Date "2001.11.17"]
[Round "3"]
[White "Cepon, Dusan"]
[Black "Luzar, Borut"]
[Result "1-0"]
[WhiteElo "2217"]
[BlackElo "1559"]
[PlyCount "55"]
[EventDate "2001.11.18"]
[EventType "team-tourn"]
[EventRounds "7"]
[EventCountry "SLO"]
[SourceTitle "EXT 2003"]
[Source "ChessBase"]
[SourceDate "2002.11.25"]
[SourceVersion "1"]
[SourceVersionDate "2002.11.25"]
[SourceQuality "1"]

1. d4 d5 2. Nf3 g6 3. c4 dxc4 4. e4 Bg7 5. Bxc4 c6 6. 0-0 Nf6 7. Nc3 0-0 8. h3 Nbd7 9. e5 Ne8 10. e6 Nb6 11. exf7+ Rxf7 12. Bxf7+ Kxf7 13. Re1 Nc7 14. Bf4 Ncd5 15. Be5 Bf6 16. Ne4 h6 17. a4 Bf5 18. a5 Nd7 19. Bxf6 N7xf6 20. Nxf6 exf6 21. a6 b6 22. Qc1 g5 23. Qxc6 Rc8 24. Qb5 Rc7 25. Rac1 Rd7 26. Rc6 Bg6 27. Qc4 Qf8 28. Re5 1-0

[Event "Bled op-B 21st"]
[Site "Bled"]
[Date "2000.??.??"]
[Round "?"]
[White "Cepon, Dusan"]
[Black "Guid, Matej"]
[Result "1-0"]
[WhiteElo "2218"]
[BlackElo "2203"]
[PlyCount "73"]
[EventDate "2000.03.25"]
[EventType "swiss"]
[EventRounds "9"]
[EventCountry "SLO"]
[SourceTitle "EXT 2001"]
[Source "ChessBase"]
[SourceDate "2000.11.22"]
[SourceVersion "1"]
[SourceVersionDate "2000.11.22"]
[SourceQuality "1"]

1. d4 c5 2. d5 e6 3. c4 exd5 4. cxd5 d6 5. Nf3 a6 6. a4 g6 7. Ra3 Bg7 8. Bg5 Qa5+ 9. Nc3 Ne7 10. Nd2 Qc7 11. Nc4 Nf5 12. g4 Nd4 13. h3 0-0 14. Bf4 Re8 15. Bg2 b5 16. axb5 Nxb5 17. Nxb5 axb5 18. Bxd6 Qb7 19. Rxa8 Qxa8 20. Ne3 Bxb2 21. Bxc5 Qa5+ 22. Kf1 Qc3 23. Ba7 Nd7 24. d6 Qa3 25. Bd4 Bxd4 26. Qxd4 b4 27. Bd5 Ne5 28. Kg2 Bd7 29. Rb1 Qa6 30. Bf3 Bb5 31. Rb2 Nxf3 32. exf3 Qa1 33. Rxb4 Qa6 34. Qc5 Be2 35. d7 Rd8 36. Qe7 Qa5 37. Rf4 1-0